[Event "British Champions"]
[Site "SchemingMind.com"]
[Date "2008.05.11"]
[Round "-"]
[White "z"]
[Black "Archon"]
[Result "1-0"]
[WhiteCountry "IRQ"]
[BlackCountry "CAN"]
[WhiteElo "1769"]
[WhiteRD "52"]
[BlackElo "1788"]
[BlackRD "59"]
[GameID "154518"]

1. e4 d6 2. d4 Nf6 3. Nc3 g6 4. Nf3 Bg7 5. Bc4 O-O 6. O-O Nxe4 7. Nxe4 d5 8. Bd3 dxe4 9. Bxe4 Nd7 10. c3 c5
11. Be3 Nf6 12. Bc2 Bg4 13. h3 Bxf3 14. Qxf3 cxd4 15. Bxd4 b6 16. Rad1 Qc7 17. Rfe1 Rad8 18. Be5 Qc8 19. Bb3 Qc5 20. g4 Rxd1
21. Qxd1 Ne8 22. Bxg7 Nxg7 23. Qd7 Ne6 24. Bxe6 fxe6 25. Qxe6+ Rf7 26. Re3 Qd6 27. Qxd6 exd6 28. Rd3 Rd7 29. f4 Kf7 30. Kf2 Kf6
31. b3 Kf7 32. Ke3 Ke7 33. Kd4 Rc7 34. c4 Rc8 35. b4 Rf8 36. Re3+ Kd7 37. Re4 Rf7 38. Kd5 Rf6 39. a3 a5 40. c5 axb4
41. cxb6 bxa3 42. Ra4 a2 43. Rxa2 Rxf4 44. Ra7+ Kc8 45. Kxd6 Rd4+ 46. Kc5 Rd1 47. Rxh7 Rc1+ 48. Kd6 Rd1+ 49. Ke6 Rb1 50. b7+ Kb8
51. Kf6 Rb6+ 52. Kg5 Ka7 53. Kh6 Kb8 54. Rg7
1-0

[Event "British Champions"]
[Site "SchemingMind.com"]
[Date "2008.05.16"]
[Round "-"]
[White "z"]
[Black "badbishop"]
[Result "0-1"]
[WhiteCountry "IRQ"]
[BlackCountry "POL"]
[WhiteElo "1769"]
[WhiteRD "52"]
[BlackElo "2271"]
[BlackRD "65"]
[GameID "154519"]

1. b4 d5 2. Bb2 Bg4 3. h3 Bh5 4. g4 Bg6 5. Bg2 e6 6. e3 h5 7. gxh5 Bxh5 8. Bf3 Nf6 9. a3 Nbd7 10. d3 Bd6
11. Nd2 Qe7 12. c4 c6 13. Qe2 Bg6 14. e4 dxe4 15. dxe4 Be5 16. Rb1 Bxb2 17. Rxb2 Ne5 18. Bg2 O-O-O 19. Rb3 Nh5 20. Qe3 Rxd2
21. Qxd2 Rd8 22. Qc2 Nf4 23. Kf1 Rd4 24. Re3 Nxc4 25. Nf3 Nxe3+ 26. fxe3 Bxe4 27. Qc3 Rd1+ 28. Kf2 Rxh1 29. Bxh1 Nxh3+ 30. Kg3 Bxf3
31. Kxf3 Qg5 32. Bg2 Qh4 33. Qxg7 Ng1#
0-1

[Event "British Champions"]
[Site "SchemingMind.com"]
[Date "2008.05.12"]
[Round "-"]
[White "z"]
[Black "esteves101"]
[Result "0-1"]
[WhiteCountry "IRQ"]
[BlackCountry "PHI"]
[WhiteElo "1782"]
[WhiteRD "54"]
[BlackElo "2081"]
[BlackRD "62"]
[GameID "154520"]

1. b4 e5 2. Bb2 Bxb4 3. Bxe5 Nf6 4. a3 Be7 5. Nf3 Nc6 6. Bb2 d5 7. e3 O-O 8. Be2 Bf5 9. O-O Re8 10. d3 Bc5
11. Nbd2 Qe7 12. c4 dxc4 13. Nxc4 Rad8 14. h3 a6 15. Qc2 h6 16. Rfd1 Nd5 17. Bf1 Nf6 18. Rac1 b6 19. Qa4 Bd7 20. Bxf6 Qxf6
21. Qxa6 Ra8 22. Qb7 Ra7 23. Qxa7 Nxa7 24. d4 Bd6 25. Bd3 Ba4 26. Re1 h5 27. e4 Bf4 28. e5 Qe7 29. Ne3 Rd8 30. Be4 Nb5
31. Nd5 Rxd5 32. Bxd5 Bxc1 33. Rxc1 Qxa3 34. Re1 Bb3 35. Bc6 Nc3 36. e6 Bxe6 37. Re3 Qc1+ 38. Kh2 Nd1 39. Re1 Qxc6 40. Rxd1 Qe4
0-1

[Event "British Champions"]
[Site "SchemingMind.com"]
[Date "2008.05.11"]
[Round "-"]
[White "z"]
[Black "Schaakmaatje"]
[Result "1-0"]
[WhiteCountry "IRQ"]
[BlackCountry "NED"]
[WhiteElo "1782"]
[WhiteRD "54"]
[BlackElo "1768"]
[BlackRD "47"]
[GameID "154521"]

1. f4 d5 2. Nf3 c5 3. e3 Bg4 4. Be2 e6 5. O-O Bd6 6. c4 Ne7 7. Nc3 Nd7 8. d3 dxc4 9. dxc4 Nf6 10. e4 Bxf3
11. Bxf3 e5 12. f5 Nc6 13. Bg5 Nd4 14. Nd5 Be7 15. Bxf6 Bxf6 16. Qa4+ Qd7 17. Nc7+ Ke7 18. Qxd7+ Kxd7 19. Nxa8 Rxa8 20. Rfd1 Rc8
21. Rab1 a5 22. b3 b6 23. Kf2 h6 24. Rdc1 Bg5 25. Rd1 Kc6 26. a3 Be7 27. Bh5 Rf8 28. Kg1 Kc7 29. Rxd4 exd4 30. e5 Bg5
31. e6 fxe6 32. fxe6 Be3+ 33. Kh1 Kd6 34. Bf7 Ke7 35. b4 axb4 36. axb4 Rxf7 37. exf7 Kxf7 38. bxc5 bxc5 39. g4 Kf6 40. Kg2 Ke5
41. Kf3 g6 42. Rb5 h5 43. gxh5
1-0

[Event "British Champions"]
[Site "SchemingMind.com"]
[Date "2008.05.16"]
[Round "-"]
[White "z"]
[Black "CenturyBugs"]
[Result "0-1"]
[WhiteCountry "IRQ"]
[BlackCountry "ENG"]
[WhiteElo "1769"]
[WhiteRD "52"]
[BlackElo "2062"]
[BlackRD "78"]
[GameID "154522"]

1. f4 d5 2. Nf3 g6 3. e3 Bg4 4. Be2 Bg7 5. O-O Nc6 6. d4 Nf6 7. Nbd2 Nb4 8. c3 Nc6 9. Ne5 Bxe2 10. Qxe2 Qd6
11. e4 Nxe4 12. Nxe4 dxe4 13. Qxe4 e6 14. Be3 O-O 15. Bf2 Qd5 16. Qe3 Qb5 17. b3 Ne7 18. c4 Qb4 19. Bh4 Nf5 20. Qf2 Nxh4
21. Qxh4 Rad8 22. Rad1 Qc3 23. Qf2 Qa5 24. g4 Rd6 25. Rfe1 Rfd8 26. f5 exf5 27. d5 f6 28. Nd3 fxg4 29. Nc5 Qb6 30. Re7 Bf8
31. Re6 f5 32. Rde1 c6 33. Qd4 Rxd5 34. Qf6 Bxc5+ 35. Kg2 Rd2+ 36. Kg3 Bd6+
0-1

[Event "British Champions"]
[Site "SchemingMind.com"]
[Date "2008.05.11"]
[Round "-"]
[White "z"]
[Black "Talis"]
[Result "0-1"]
[WhiteCountry "IRQ"]
[BlackCountry "LTU"]
[WhiteElo "1769"]
[WhiteRD "52"]
[BlackElo "2129"]
[BlackRD "92"]
[GameID "154523"]

1. c4 f5 2. d4 Nf6 3. Nc3 e6 4. Bg5 Be7 5. e3 O-O 6. Nf3 d6 7. Be2 Nbd7 8. Qc2 b6 9. O-O Bb7 10. b4 c5
11. bxc5 dxc5 12. d5 exd5 13. Qxf5 Kh8 14. Qe6 d4 15. exd4 cxd4 16. Nxd4 Nc5 17. Qh3 Qxd4 18. Rad1 Qe5 19. f4 Qe6 20. f5 Qf7
21. Rf4 Nce4 22. Bxf6 Nxf6 23. Rh4 Bc5+ 24. Kh1 Rae8 25. Nd5 Rxe2 26. Rg1 Bxd5 27. cxd5 Bxg1
0-1

[Event "British Champions"]
[Site "SchemingMind.com"]
[Date "2008.05.11"]
[Round "-"]
[White "_keyes"]
[Black "z"]
[Result "1-0"]
[WhiteCountry "ENG"]
[BlackCountry "IRQ"]
[WhiteElo "1970"]
[WhiteRD "72"]
[BlackElo "1769"]
[BlackRD "52"]
[GameID "154525"]

1. d4 f5 2. Nf3 Nf6 3. g3 b6 4. Bg2 Bb7 5. O-O e6 6. c4 Be7 7. b3 O-O 8. Bb2 Qe8 9. Nbd2 Nc6 10. a3 Nd8
11. Ne1 Bxg2 12. Kxg2 Nf7 13. Nef3 g5 14. Qc2 Nh5 15. e4 Nh6 16. exf5 exf5 17. Rae1 Qf7 18. Ne5 Qg7 19. Nxd7 Rfe8 20. d5 Qg6
21. Re6 Bf6 22. Nxf6+ Nxf6 23. Rxf6 Qh5 24. Qc3 Re7 25. Re6 Kf8 26. Qh8+ Ng8 27. Rxe7 Kxe7 28. Qg7+ Qf7 29. Re1+
1-0

[Event "British Champions"]
[Site "SchemingMind.com"]
[Date "2008.05.11"]
[Round "-"]
[White "Archon"]
[Black "z"]
[Result "1-0"]
[WhiteCountry "CAN"]
[BlackCountry "IRQ"]
[WhiteElo "1813"]
[WhiteRD "58"]
[BlackElo "1825"]
[BlackRD "51"]
[GameID "154526"]

1. d4 f5 2. Nf3 e6 3. Bf4 Nf6 4. e3 d6 5. h3 Be7 6. Bd3 O-O 7. O-O Nc6 8. c3 Bd7 9. Nbd2 a6 10. a4 Qe8
11. b4 Qf7 12. Bh2 Rae8 13. Qb3 h6 14. e4 fxe4 15. Nxe4 Nxe4 16. Bxe4 Bf6 17. Rae1 Qh5 18. d5 Nd8 19. Nd4 e5 20. Ne6 Bxe6
21. dxe6 c6 22. e7+ Rf7 23. exd8=Q Bxd8 24. Qc2 Rf6 25. f4 d5 26. Bf3 e4 27. Bxh5
1-0

[Event "British Champions"]
[Site "SchemingMind.com"]
[Date "2008.05.16"]
[Round "-"]
[White "badbishop"]
[Black "z"]
[Result "1-0"]
[WhiteCountry "POL"]
[BlackCountry "IRQ"]
[WhiteElo "2225"]
[WhiteRD "64"]
[BlackElo "1782"]
[BlackRD "54"]
[GameID "154527"]

1. d4 b5 2. e4 a6 3. Bd3 Bb7 4. Nf3 e6 5. O-O c5 6. dxc5 Bxc5 7. Nbd2 h6 8. c4 bxc4 9. Nxc4 d6 10. b4 Ba7
11. Bf4 e5 12. Bc2 Ke7 13. Be3 Nc6 14. Bxa7 Rxa7 15. Ne3 Nxb4 16. Nf5+ Kf6 17. Nxe5 Ne7 18. Nxd6 Nxc2 19. Nexf7 Qa8 20. e5+ Ke6
21. Qg4+ Kd5 22. Qc4#
1-0

[Event "British Champions"]
[Site "SchemingMind.com"]
[Date "2008.05.12"]
[Round "-"]
[White "esteves101"]
[Black "z"]
[Result "1-0"]
[WhiteCountry "PHI"]
[BlackCountry "IRQ"]
[WhiteElo "2081"]
[WhiteRD "62"]
[BlackElo "1782"]
[BlackRD "54"]
[GameID "154528"]

1. e4 d5 2. exd5 Qxd5 3. Nc3 Qa5 4. Nf3 Bg4 5. h3 Bh5 6. Bb5+ c6 7. Be2 e6 8. O-O Nd7 9. d3 O-O-O 10. Be3 Kb8
11. Bf4+ e5 12. Nxe5 Nxe5 13. Bxh5 Bd6 14. Ne4 Bc7 15. Qe1 f5 16. Qxa5 Bxa5 17. Bxe5+ Bc7 18. Bxg7 Ne7 19. Bxh8 Rxh8 20. Ng5
1-0

[Event "British Champions"]
[Site "SchemingMind.com"]
[Date "2008.05.11"]
[Round "-"]
[White "Schaakmaatje"]
[Black "z"]
[Result "0-1"]
[WhiteCountry "NED"]
[BlackCountry "IRQ"]
[WhiteElo "1837"]
[WhiteRD "46"]
[BlackElo "1748"]
[BlackRD "59"]
[GameID "154529"]

1. e4 a6 2. d4 e6 3. Nf3 b5 4. Be2 Bb7 5. Nbd2 Nf6 6. Bd3 c5 7. c3 d5 8. e5 Nfd7 9. Nf1 Nc6 10. Be3 c4
11. Bc2 h6 12. Ng3 f5 13. exf6 Qxf6 14. Nh5 Qf7 15. Nh4 Ne7 16. Qg4 g5 17. Nf3 O-O-O 18. Ne5 Nxe5 19. dxe5 Nc6 20. Bd4 Nxd4
21. cxd4 Bb4+ 22. Ke2 Be7 23. Rhf1 Rhg8 24. Rae1 Rdf8 25. Kd1 Bc6 26. Re3 Be8 27. Rh3 Bd8 28. Re1 Qd7 29. Ree3 Rxf2 30. Ref3 Bxh5
31. Qxh5 Rf8 32. Qxh6 R8xf3 33. gxf3 Qf7 34. Qg6 Qxg6 35. Bxg6 Rxb2 36. Bf7 Kd7 37. Rh6 Rxa2 38. Bxe6+ Ke8 39. Bxd5 Ra3 40. Rh8+ Kd7
41. Be4 c3 42. d5 b4 43. Rh7+ Kc8 44. d6 b3 45. Rb7 c2+ 46. Ke2 Ba5 47. e6 c1=Q 48. d7+ Kd8 49. Rb8+ Ke7 50. Re8+ Kf6
51. Kf2 Qe1+ 52. Kg2 Ra2+
0-1

[Event "British Champions"]
[Site "SchemingMind.com"]
[Date "2008.05.16"]
[Round "-"]
[White "CenturyBugs"]
[Black "z"]
[Result "1-0"]
[WhiteCountry "ENG"]
[BlackCountry "IRQ"]
[WhiteElo "2062"]
[WhiteRD "78"]
[BlackElo "1769"]
[BlackRD "52"]
[GameID "154530"]

1. e4 e6 2. d4 d6 3. c3 Nf6 4. Bg5 Be7 5. Bb5+ c6 6. Bd3 e5 7. dxe5 dxe5 8. Nf3 Nbd7 9. O-O O-O 10. Bc2 Re8
11. Re1 Qb6 12. Bb3 a5 13. Be3 Qc7 14. Ng5 Rf8 15. Bxf7+ Rxf7 16. Qb3 Nf8 17. Qxf7+ Kh8 18. Qb3 h6 19. Nf7+ Kh7 20. Qb6 Qb8
21. Bxh6 gxh6 22. Qe3 Be6 23. Nxh6 Ng6 24. Nd2 Qf8 25. Nf5 Bxf5 26. exf5 Nf4 27. Qxe5 Nd3 28. Qxe7+ Qxe7 29. Rxe7+ Kh6 30. Rxb7 Ng4
31. Ne4 Re8 32. f3 Ne3 33. Rc7 Nxf5 34. Rxc6+ Kg7 35. Rd1 Nxb2 36. Rd5 Ne3 37. Rg5+ Kf7 38. Rf6+ Ke7 39. Re5+ Kd8 40. Rd6+ Kc7
41. Rxe8
1-0

[Event "British Champions"]
[Site "SchemingMind.com"]
[Date "2008.05.11"]
[Round "-"]
[White "Talis"]
[Black "z"]
[Result "1-0"]
[WhiteCountry "LTU"]
[BlackCountry "IRQ"]
[WhiteElo "2073"]
[WhiteRD "98"]
[BlackElo "1825"]
[BlackRD "51"]
[GameID "154531"]

1. e4 a6 2. d4 b5 3. Nf3 e6 4. Bd3 c5 5. c3 Bb7 6. O-O Nf6 7. Re1 h6 8. e5 Nd5 9. a4 cxd4 10. axb5 dxc3
11. Nxc3 Nxc3 12. bxc3 Qc7 13. Be4 Bxe4 14. Rxe4 Qb7 15. Qa4 Be7 16. Rg4 Kf8 17. Ba3 Bxa3 18. Qxa3+ Kg8 19. c4 Kh7 20. Rd4 d5
21. exd6 Nd7 22. bxa6 Qb6 23. a7 Rhc8 24. Rdd1 g6 25. Qa6 Rc6 26. Qxb6 Rxb6 27. c5 Rc6 28. Rdb1 Rxc5 29. Rb7 Ne5 30. Nxe5 Rxe5
31. g3 Rd5 32. Rb8
1-0

[Event "British Champions"]
[Site "SchemingMind.com"]
[Date "2008.05.17"]
[Round "-"]
[White "ibukuno"]
[Black "startstek"]
[Result "1/2-1/2"]
[WhiteCountry "NGR"]
[BlackCountry "ALG"]
[WhiteElo "1805"]
[WhiteRD "83"]
[BlackElo "1957"]
[BlackRD "78"]
[GameID "154590"]

1. e4 e5 2. Nf3 Nc6 3. Bc4 Nf6 4. d3 Bc5 5. Nc3 d6 6. Bg5 h6 7. Bh4 g5 8. Bg3 Qe7 9. a3 a6 10. h3 Ba7
11. Qd2 Be6 12. Bxe6 fxe6 13. h4 g4 14. Ng1 O-O-O 15. O-O-O Rdf8 16. Nge2 Qf7 17. f4 gxf3 18. gxf3 Nh5 19. Rdf1 Nf4 20. Bf2 Bxf2
21. Rxf2 Rhg8 22. Nxf4 Qxf4 23. Qxf4 exf4 24. Ne2 e5 25. Rg1 Rxg1+ 26. Nxg1 Rg8 27. Ne2 Nd4 28. Nxd4 exd4 29. Kd2 Rg1 30. Ke2 Rh1
31. Rg2 Rxh4 32. Rg4 Rh2+ 33. Kd1 h5 34. Rxf4 h4 35. Rg4 h3 36. Rh4 Rh1+ 37. Ke2 h2 38. Kf2 Rc1 39. Rxh2 Rxc2+ 40. Kg3 Rxh2
41. Kxh2 c5 42. b3 b5 43. Kg3 Kd7 44. f4 Ke6 45. Kg4 Kf6 46. Kf3 Ke6 47. Kg4=
1/2-1/2

[Event "British Champions"]
[Site "SchemingMind.com"]
[Date "2008.05.12"]
[Round "-"]
[White "ibukuno"]
[Black "_keyes"]
[Result "1-0"]
[WhiteCountry "NGR"]
[BlackCountry "ENG"]
[WhiteElo "1804"]
[WhiteRD "78"]
[BlackElo "1974"]
[BlackRD "66"]
[GameID "154591"]

1. e4 c5 2. Nf3 d6 3. d4 cxd4 4. Nxd4 Nf6 5. Nc3 a6 6. Bc4 e6 7. Bg5 Be7 8. O-O Qc7 9. Bb3 Bd7 10. Re1 O-O
11. f4 Nc6 12. Nxc6 Bxc6 13. Kh1 h6 14. Bxf6 Bxf6 15. Qe2 Rac8 16. h3 Rfd8 17. f5 exf5 18. exf5 Bd7 19. Nd5 Qc5 20. Qh5 Qd4
21. Ne7+ Kh8 22. Nxc8 Rxc8 23. Qxf7 Bc6 24. Qe6 Rd8 25. Rad1 Qf2 26. Re2 Qg3 27. Bd5 Be5 28. Rxe5 dxe5 29. c4 Re8 30. Qf7 Rd8
31. f6 e4 32. Qe7 Rc8 33. f7 Qb8 34. Bxc6 bxc6 35. Rd7 Rf8 36. Qxe4 Qxb2 37. Re7 g5 38. Re8 Qb4 39. Qxc6 Kg7 40. Rxf8 Qxf8
41. Qxa6 Qxf7 42. Kg1 Qd7 43. Qb6 Qd1+ 44. Kh2 Qe2 45. Qc7+ Kg6 46. a4 g4 47. Qd6+ Kh5 48. hxg4+ Qxg4 49. Qe5+ Kg6 50. Qg3 Kf5
51. Qxg4+
1-0

[Event "British Champions"]
[Site "SchemingMind.com"]
[Date "2008.05.12"]
[Round "-"]
[White "ibukuno"]
[Black "Archon"]
[Result "1/2-1/2"]
[WhiteCountry "NGR"]
[BlackCountry "CAN"]
[WhiteElo "1824"]
[WhiteRD "81"]
[BlackElo "1788"]
[BlackRD "59"]
[GameID "154592"]

1. e4 d6 2. d4 Nf6 3. Nc3 g6 4. Nf3 Bg7 5. Bc4 O-O 6. O-O Nxe4 7. Nxe4 d5 8. Bd3 dxe4 9. Bxe4 Nd7 10. Be3 c5
11. dxc5 Bxb2 12. Rb1 Bg7 13. Bxb7 Rb8 14. c6 Nb6 15. Bxc8 Qxc8 16. Nd4 Nd5 17. Qf3 Nxe3 18. fxe3 Rb6 19. Rxb6 axb6 20. Qd5 e6
21. Qd6 Qd8 22. Qb4 Qc7 23. Qc4 Bxd4 24. exd4 Rc8 25. d5 exd5 26. Qxd5 Rf8 27. Rf3 Kg7 28. Qd4+ Kg8 29. Rf6 Rd8 30. Qa1 Rd2
31. c4 Qa7 32. Kf1 Rxa2 33. Qd4 Qc7 34. Rd6 Ra1+ 35. Qxa1 Qxd6 36. Qa4 Qd3+ 37. Kf2 Qd2+ 38. Kf3 Qd3+ 39. Kf2=
1/2-1/2

[Event "British Champions"]
[Site "SchemingMind.com"]
[Date "2008.05.12"]
[Round "-"]
[White "ibukuno"]
[Black "z"]
[Result "1-0"]
[WhiteCountry "NGR"]
[BlackCountry "IRQ"]
[WhiteElo "1824"]
[WhiteRD "81"]
[BlackElo "1769"]
[BlackRD "52"]
[GameID "154593"]

1. e4 e6 2. d4 d5 3. exd5 exd5 4. Nf3 Nf6 5. Bd3 Nc6 6. O-O Be6 7. c3 Ne7 8. Ng5 Qd7 9. Na3 O-O-O 10. Nxe6 fxe6
11. Bf4 Nc6 12. Bb5 Bd6 13. Bxd6 Qxd6 14. Qa4 Kb8 15. Bxc6 Qxc6 16. Qxc6 bxc6 17. Rfe1 Rde8 18. Nc2 Nd7 19. Re3 e5 20. Rae1 e4
21. Nb4 Kb7 22. f3 Nf6 23. a3 a5 24. Nc2 Kc8 25. b4 Kd7 26. a4 axb4 27. cxb4 h5 28. Na1 h4 29. h3 Rh5 30. Nb3 Rf5
31. fxe4 Rxe4 32. Nc5+ Kc8 33. Nxe4 Nxe4 34. Rxe4 dxe4 35. Rxe4 Kd7 36. Rxh4 Kd6 37. Rg4 g5 38. a5 Kd7 39. h4 gxh4 40. Rxh4 Kc8
41. Re4 Kb7 42. g3 Ka6 43. Re5 Rf3 44. Kg2 Rd3 45. Rc5 Rxd4 46. Rxc6+ Kb5 47. Rxc7 Rxb4 48. Rb7+ Kxa5 49. Rxb4 Kxb4 50. Kf3 Kc5
51. Kf4 Kd6 52. Kf5 Ke7 53. Kg6 Kf8 54. g4 Kg8 55. g5
1-0

[Event "British Champions"]
[Site "SchemingMind.com"]
[Date "2008.05.16"]
[Round "-"]
[White "ibukuno"]
[Black "badbishop"]
[Result "0-1"]
[WhiteCountry "NGR"]
[BlackCountry "POL"]
[WhiteElo "1804"]
[WhiteRD "78"]
[BlackElo "2222"]
[BlackRD "69"]
[GameID "154594"]

1. e4 e6 2. d4 d5 3. exd5 exd5 4. Nf3 Nc6 5. Bd3 Bg4 6. c3 Bd6 7. h3 Bh5 8. O-O Nge7 9. Bg5 f6 10. Bh4 Qd7
11. Nbd2 O-O-O 12. Qc2 Rde8 13. Rfe1 g5 14. Bg3 Bxg3 15. fxg3 Bg6 16. Nb3 Bxd3 17. Qxd3 Qf5 18. Qb5 a6 19. Qf1 h5 20. Re2 Ng6
21. Rae1 Rxe2 22. Qxe2 g4 23. hxg4 hxg4 24. Nh2 Kb8 25. Qxg4 Qc2 26. Nc5 Nce7 27. Qe2 Qf5 28. Qe6 Qc2 29. Qxf6 Rh7 30. Nf3 Qxb2
31. Nd7+ Ka7 32. Nde5 Nxe5 33. Rxe5 Nc6 34. Re3 Qc1+ 35. Re1 Qxc3 36. Qf5 Nxd4 37. Qxh7 Nxf3+ 38. gxf3 Qxe1+ 39. Kg2 Qe2+ 40. Kh3 c5
41. Kg4 Qe6+ 42. Kf4 d4 43. Qe4 Qxa2 44. g4 Qd2+ 45. Kg3 d3 46. Qd5 Qe3 47. g5 d2
0-1

[Event "British Champions"]
[Site "SchemingMind.com"]
[Date "2008.05.12"]
[Round "-"]
[White "ibukuno"]
[Black "esteves101"]
[Result "0-1"]
[WhiteCountry "NGR"]
[BlackCountry "PHI"]
[WhiteElo "1791"]
[WhiteRD "77"]
[BlackElo "2081"]
[BlackRD "62"]
[GameID "154595"]

1. e4 e5 2. Nf3 Nf6 3. Nc3 Nc6 4. Bc4 Bb4 5. d3 d5 6. exd5 Bxc3+ 7. bxc3 Nxd5 8. Ba3 Bg4 9. h3 Nxc3 10. Qd2 Bxf3
11. gxf3 Nd5 12. Rg1 g6 13. Qh6 Nd4 14. Qg7 Nxf3+ 15. Kf1 Qf6 16. Qh6 Nf4 17. Rg3 Nd2+ 18. Ke1 Nxc4 19. dxc4 O-O-O 20. Qg5 Qc6
21. Qg4+ f5 22. Qf3 Qxc4 23. Bc1 Rd5 24. Bxf4 exf4
0-1

[Event "British Champions"]
[Site "SchemingMind.com"]
[Date "2008.05.17"]
[Round "-"]
[White "ibukuno"]
[Black "Schaakmaatje"]
[Result "1/2-1/2"]
[WhiteCountry "NGR"]
[BlackCountry "NED"]
[WhiteElo "1788"]
[WhiteRD "81"]
[BlackElo "1837"]
[BlackRD "46"]
[GameID "154596"]

1. e4 e6 2. d4 d5 3. exd5 exd5 4. Nf3 Bd6 5. Bd3 h6 6. O-O Nc6 7. Re1+ Nce7 8. c4 dxc4 9. Bxc4 Nf6 10. Qa4+ Bd7
11. Qb3 O-O 12. Nbd2 a6 13. Qxb7 Bc6 14. Qb3 Ned5 15. Qc2 Nf4 16. Bxf7+ Rxf7 17. Qxc6 Rb8 18. Ne5 Bxe5 19. dxe5 Rb6 20. Qc4 N6d5
21. Nf3 Ne6 22. Rd1 Rd7 23. b3 Kh8 24. Re1 Qf8 25. Nh4 Qf7 26. Qg4 Rb4 27. Qg3 Ne7 28. Ba3 Rxh4 29. Qxh4 Ng6 30. Qc4 Rd2
31. Bc5 Qf5 32. Be3 Nxe5 33. Qxa6 Rd6 34. Qa8+ Rd8 35. Qa4 Ng4 36. Rad1 Rf8 37. Qa7 c5 38. Rf1 Qe5 39. g3 Nxe3 40. fxe3 Qxe3+
41. Kg2 Re8 42. Qf7 Ng5 43. Qf4 Qe2+ 44. Kh1 Qxa2 45. Rfe1 Rc8 46. Qf5 Qa6 47. Rd5 Qb7 48. Rd1 Re8 49. Qd7 Qxd7 50. Rxd7 Re2
51. R7d2 Re4 52. Rd5 Re2 53. R1d2 Re3 54. R2d3 Re1+ 55. Kg2 Re2+ 56. Kf1 Rxh2 57. Rxc5 Ne4 58. Rc7 Nd2+ 59. Kg1 Re2 60. Rdd7 Nxb3
61. Rxg7 Re8 62. Rh7+ Kg8 63. Rxh6 Nd4 64. Kf2 Nf5 65. Rg6+ Kh8 66. g4 Nd4 67. g5 Nf5 68. Rf6 Nd4 69. g6 Ne6 70. g7+ Nxg7
71. Rh6+ Kg8 72. Rg6 Rf8+ 73. Kg3 Rf7 74. Rc8+=
1/2-1/2

[Event "British Champions"]
[Site "SchemingMind.com"]
[Date "2008.05.17"]
[Round "-"]
[White "ibukuno"]
[Black "CenturyBugs"]
[Result "1-0"]
[WhiteCountry "NGR"]
[BlackCountry "ENG"]
[WhiteElo "1804"]
[WhiteRD "78"]
[BlackElo "2077"]
[BlackRD "67"]
[GameID "154597"]

1. e4 e5 2. Nf3 Nc6 3. Bc4 Bc5 4. d3 Nf6 5. Nc3 d6 6. h3 Na5 7. Bb5+ c6 8. Ba4 Qb6 9. O-O O-O 10. Bb3 Nxb3
11. axb3 Be6 12. Na4 Qa6 13. Bg5 Bb4 14. c3 Ba5 15. Bxf6 gxf6 16. b4 Bc7 17. Nc5 Qb5 18. Nxe6 fxe6 19. Qb3 d5 20. c4 Qb6
21. cxd5 exd5 22. exd5 Kg7 23. dxc6 Qxc6 24. Rfc1 Qd6 25. Nh4 Qd7 26. Rc4 Bb6 27. Rg4+ Kh8 28. Rc1 Rg8 29. Qd1 Rgc8 30. Rgc4 Rf8
31. Qf3 Rad8 32. R4c3 Qd4 33. Nf5 Qxb4 34. R1c2 Rd7 35. Ne3 Kg7 36. Nd5 Qd6 37. Nxb6 Rdf7 38. Nc4 Qd7 39. Ne3 a6 40. Nd5 Rd8
41. Ne3 Rdf8 42. Qg4+ Qxg4 43. Nxg4 Rd8 44. Kf1 h5 45. Ne3 Rfd7 46. Rc7 Kf8 47. Rxd7 Rxd7 48. Rc3 Ke7 49. Ke2 Ke6 50. g4 hxg4
51. hxg4 Kf7 52. Kf3 Kg6 53. Kg3 Kg5 54. Nf5 a5 55. f3 Kg6 56. Kf2 Kg5 57. Ke3 a4 58. Rc8 Kg6 59. Rg8+ Kf7 60. Rg7+ Ke6
61. Rxd7 Kxd7 62. Kd2 b6 63. Kc3 Kc6 64. Kb4 Kd7 65. Kxa4 Kc6 66. Kb4 b5 67. Ne3 Kd6 68. Kxb5 Ke6 69. Kc6 Ke7 70. b4 Ke8
71. Kc7 Ke7 72. b5 e4 73. dxe4 Kf7 74. b6 Kg6 75. b7 Kg5 76. b8=Q Kf4 77. Nd5+ Kxf3 78. Nxf6 Ke3 79. g5 Kf4 80. g6
1-0

[Event "British Champions"]
[Site "SchemingMind.com"]
[Date "2008.05.12"]
[Round "-"]
[White "ibukuno"]
[Black "Talis"]
[Result "0-1"]
[WhiteCountry "NGR"]
[BlackCountry "LTU"]
[WhiteElo "1853"]
[WhiteRD "91"]
[BlackElo "2073"]
[BlackRD "98"]
[GameID "154598"]

1. e4 c5 2. Nf3 d6 3. d4 cxd4 4. Nxd4 Nf6 5. Nc3 g6 6. Bc4 Bg7 7. O-O O-O 8. a3 Nc6 9. Nde2 Bd7 10. Ba2 Rc8
11. Be3 Ng4 12. Bd2 Nce5 13. h3 Nf6 14. Be3 Qa5 15. Bd2 Nc4 16. Be1 Nxb2 17. Qb1 Na4 18. Nxa4 Qxa4 19. Nc3 Qd4 20. Qxb7 Rxc3
21. Bxc3 Qxc3 22. Bb3 Qc6 23. Qxa7 Nxe4 24. Rad1 Nc3 25. Rde1 e6 26. Re3 Ra8 27. Rxc3 Bxc3 28. Qe3 Rxa3 29. Rd1 Ra1 30. Rxa1 Bxa1
31. Qa7 Be5 32. Qa5 Qe4
0-1

[Event "British Champions"]
[Site "SchemingMind.com"]
[Date "2008.05.17"]
[Round "-"]
[White "startstek"]
[Black "ibukuno"]
[Result "1-0"]
[WhiteCountry "ALG"]
[BlackCountry "NGR"]
[WhiteElo "1957"]
[WhiteRD "78"]
[BlackElo "1805"]
[BlackRD "83"]
[GameID "154599"]

1. e4 e5 2. Nf3 Nc6 3. Bc4 Nd4 4. Nxd4 exd4 5. O-O d6 6. c3 Nf6 7. cxd4 Be7 8. e5 dxe5 9. dxe5 Nd5 10. Nc3 Nb6
11. Bb3 O-O 12. d4 Bb4 13. f4 Bxc3 14. bxc3 Be6 15. f5 Bxb3 16. axb3 f6 17. e6 c6 18. Qe2 Nd5 19. Rf3 Nxc3 20. Rxc3 Qxd4+
21. Qe3 Qd1+ 22. Kf2 Rfe8 23. Bb2 Qd5 24. Qd3 Qe5 25. Re1 Qf4+ 26. Kg1 Rad8 27. Qc4 Rd4 28. Qf1 Qd6 29. Rg3 Rf4 30. Rf3 Rh4
31. g3 Rg4 32. Rd1 Qc5+ 33. Qf2 Qb5 34. Rd4 Rxd4 35. Qxd4
1-0

[Event "British Champions"]
[Site "SchemingMind.com"]
[Date "2008.05.12"]
[Round "-"]
[White "_keyes"]
[Black "ibukuno"]
[Result "1-0"]
[WhiteCountry "ENG"]
[BlackCountry "NGR"]
[WhiteElo "1985"]
[WhiteRD "74"]
[BlackElo "1791"]
[BlackRD "77"]
[GameID "154600"]

1. d4 d5 2. c4 Nf6 3. cxd5 Nxd5 4. e4 Nf6 5. Nc3 e6 6. Bd3 Bb4 7. Nf3 b6 8. O-O O-O 9. Bg5 h6 10. Bh4 Be7
11. Bg3 Nh5 12. Qe2 Nxg3 13. hxg3 Bb7 14. Rad1 Nc6 15. Bb1 a5 16. d5 exd5 17. exd5 Nb4 18. Qe4 f5 19. Qe6+ Kh8 20. Bxf5 Rf6
21. Qe4 Qf8 22. Nh4 g5 23. Ng6+ Rxg6 24. Bxg6 Bf6 25. a3 Na6 26. Qc2 Qc5 27. Qd2 Rd8 28. Qe2 Bxc3 29. bxc3 Qxc3 30. Qe7
1-0

[Event "British Champions"]
[Site "SchemingMind.com"]
[Date "2008.05.13"]
[Round "-"]
[White "Archon"]
[Black "ibukuno"]
[Result "0-1"]
[WhiteCountry "CAN"]
[BlackCountry "NGR"]
[WhiteElo "1788"]
[WhiteRD "59"]
[BlackElo "1824"]
[BlackRD "81"]
[GameID "154601"]

1. d4 d5 2. Nf3 Nf6 3. Bf4 e6 4. e3 Bd6 5. Ne5 Bd7 6. Nd2 Nc6 7. c4 Bxe5 8. dxe5 Ne4 9. Nxe4 dxe4 10. Be2 Qe7
11. O-O O-O-O 12. Qc2 h5 13. Rfb1 g5 14. Qxe4 gxf4 15. exf4 Nb4 16. a3 Bc6 17. Qe3 Nc2 18. Qc3 Nxa1 19. Rxa1 h4 20. b4 Rhg8
21. g3 Qf8 22. b5 Be4 23. Qe3 Bf5 24. Qxa7 hxg3 25. Qa8+ Kd7 26. Qxb7 gxh2+ 27. Kh1 Rg1+ 28. Kxh2 Qh6+ 29. Kxg1 Rg8+ 30. Bg4 Rxg4+
31. Kf1 Qh3+
0-1

[Event "British Champions"]
[Site "SchemingMind.com"]
[Date "2008.05.12"]
[Round "-"]
[White "z"]
[Black "ibukuno"]
[Result "1-0"]
[WhiteCountry "IRQ"]
[BlackCountry "NGR"]
[WhiteElo "1769"]
[WhiteRD "52"]
[BlackElo "1824"]
[BlackRD "81"]
[GameID "154602"]

1. f4 e5 2. fxe5 d6 3. exd6 Bxd6 4. Nf3 g5 5. d4 g4 6. Ne5 Nc6 7. g3 Bxe5 8. dxe5 Qxd1+ 9. Kxd1 Nxe5 10. Bg2 Nf6
11. Rf1 Nfd7 12. b3 c6 13. Bb2 O-O 14. Nc3 f6 15. e4 Nc5 16. Ne2 Ne6 17. Nf4 Ng5 18. Bxe5 fxe5 19. Nd3 Rxf1+ 20. Bxf1 Nf3
21. Ke2 b6 22. Bg2 Nxh2 23. Nxe5 c5 24. Rh1 Nf3 25. Nxf3 gxf3+ 26. Bxf3 Bb7 27. Rd1 Re8 28. Ke3 Re7 29. a4 Kg7 30. a5 Kf6
31. axb6 axb6 32. Rd6+ Re6 33. e5+ Kxe5 34. Rxe6+ Kxe6 35. Bxb7 Ke5 36. c4 h6 37. g4 Kf6 38. Kf4 Ke6 39. Bc8+ Kf6 40. Ke4 Kg5
41. Kd5 h5 42. gxh5 Kxh5 43. Kc6
1-0